[Event "Muensterland Verbandsklasse 1617"]
[Site "Germany"]
[Date "2016.10.22"]
[Round "2.8"]
[White "Goentgens, Werner"]
[Black "Thomann, Henning"]
[Result "1/2-1/2"]
[WhiteElo "1592"]
[BlackElo "1288"]
[PlyCount "51"]
[EventDate "2016.09.24"]
[EventType "team"]
[EventRounds "9"]
[EventCountry "GER"]
[SourceTitle "EXT 2018"]
[Source "ChessBase"]
[SourceDate "2017.10.13"]
[SourceVersion "1"]
[SourceVersionDate "2017.10.13"]
[SourceQuality "1"]
[WhiteTeam "Sendenhorst"]
[BlackTeam "Neuenkirchen II"]
[WhiteTeamCountry "GER"]
[BlackTeamCountry "GER"]

1. d4 d5 2. Bf4 Bf5 3. e3 e6 4. Bd3 Bxd3 5. Qxd3 Nc6 6. Nf3 h6 7. a3 Bd6 8. Bxd6 Qxd6 9. Nc3 Nf6 10. h3 0-0 11. 0-0 a6 12. Rfe1 Rfd8 13. Ne2 Nb8 14. Rac1 Nbd7 15. c4 dxc4 16. Qxc4 Rac8 17. b4 b5 18. Qc6 Nb6 19. Ne5 Nc4 20. Qxd6 cxd6 21. Nxc4 Rxc4 22. Rxc4 bxc4 23. Rc1 Rc8 24. Nc3 d5 25. Kf1 Kf8 26. Ke2 1/2-1/2